Effectif France - Coupe du Monde 1998 - Statistiques

Statistiques générales
  • Ce quiz a été pris 325 fois
  • Le résultat moyen est 17 sur 23
Statistiques - réponses
POSTE CLUB NUMERO JOUEUR % Correct
MIL Juventus 10 Zinédine Zidane
100%
ATT AS Monaco 12 Thierry Henry
97%
G AS Monaco 16 Fabien Barthez
96%
MIL Juventus 7 Didier Deschamps
93%
DEF OM 5 Laurent Blanc
92%
DEF Parme FC 15 Lilian Thuram
90%
DEF Bayern Munich 3 Bixente Lizarazu
88%
MIL Arsenal 17 Emmanuel Petit
87%
MIL Arsenal 4 Patrick Vieira
87%
DEF AC Milan 8 Marcel Desailly
86%
ATT AS Monaco 20 David Trezeguet
80%
G PSG 1 Bernard Lama
76%
MIL Inter Milan 6 Youri Djorkaeff
74%
COACH - - Aimé Jacquet
73%
ATT FC Metz 11 Robert Pirès
72%
DEF Chelsea 18 Frank Leboeuf
68%
ATT OM 21 Christophe Dugarry
67%
MIL Real Madrid 19 Christian Karembeu
63%
ATT AJ Auxerre 9 Stéphane Guivarc'h
63%
G AJ Auxerre 22 Lionel Charbonnier
43%
DEF AS Rome 2 Vincent Candela
43%
MIL Sampdoria 14 Alain Boghossian
37%
MIL AJ Auxerre 13 Bernard Diomède
35%
Aucun quiz correspondant
Distribution des résultats
% des personnes avec chaque résultat
Percentile par nombre de réponses
Votre historique - résultats
Vous n’avez pas pris ce quiz